000 00317nam a22001457a 4500
008 230419b ||||| |||| 00| 0 eng d
020 _a9780226236346
041 _aeng
080 _a34
082 _a34CLY
100 _a24
101 _aEDU
245 _aTHE PURPOSEFUL GRADUATE
_cCLYDESDALE.T
942 _2udc
_cBK
999 _c59596
_d59596